Statystyki dla Największe miasta nadbałtyckie

Kliknij tutaj aby rozwiązać quiz!

Ogólne statystyki

  • Ten quiz został rozwiązany 619 razy
  • Średni wynik to 8 z 10

Statystyki odpowiedzi

rankingludnośćKrajMiasto% Poprawnych
6464 829PolskaGdańsk
99%
3645 482FinlandiaHelsinki
95%
4641 423ŁotwaRyga
95%
2960 031SzwecjaSztokholm
95%
5613 288DaniaKopenhaga
94%
14 581 854RosjaPetersburg
90%
8440 702EstoniaTalin
76%
9312 012SzwecjaMalmo
67%
7453 461RosjaKaliningrad
45%
10281 886FinlandiaEspoo
13%

Rozkład punktacji

Percentyl według liczby udzielonych odpowiedzi

Procent ludzi z każdym wynikiem

Twoja historia wyników

Nie rozwiązałeś tego quizu